Hướng dẫn sử dụng Solidworks

Giới thiệu cách vẽ, lắp ráp và tạo chuyển động các chi tiết trong Solidworks qua 15 bài tập như: Vẽ khớp nối cong, vẽ ống dẫn, vẽ ổ cắm điện, vẽ khuôn bông, tách khuôn bông, lắp ráp bánh răng, lắp ráp hỗn hợp......

詳細記述

保存先:
書誌詳細
第一著者: Trương, Minh Trí
その他の著者: Phạm, Quang Huy
フォーマット: 図書
言語:Undetermined
出版事項: H. Bách khoa Hà Nội 2016
主題:
オンライン・アクセス:http://lrc.tdmu.edu.vn/opac/search/detail.asp?aID=2&ID=33793
タグ: タグ追加
タグなし, このレコードへの初めてのタグを付けませんか!
Thư viện lưu trữ: Trung tâm Học liệu Trường Đại học Thủ Dầu Một
LEADER 01057nam a2200217Ia 4500
001 TDMU_33793
008 210410s9999 xx 000 0 und d
082 |a 294.3444 
090 |b TR561 
100 |a Trương, Minh Trí 
245 0 |a Hướng dẫn sử dụng Solidworks 
245 0 |c Trương Minh Trí, Phạm Quang Huy 
260 |a H. 
260 |b Bách khoa Hà Nội 
260 |c 2016 
300 |a 378 tr. 
520 |a Giới thiệu cách vẽ, lắp ráp và tạo chuyển động các chi tiết trong Solidworks qua 15 bài tập như: Vẽ khớp nối cong, vẽ ống dẫn, vẽ ổ cắm điện, vẽ khuôn bông, tách khuôn bông, lắp ráp bánh răng, lắp ráp hỗn hợp... 
650 |a Solidworks (Chương trình máy tính); Thiết kế bằng máy tính 
700 |a Phạm, Quang Huy 
856 |u http://lrc.tdmu.edu.vn/opac/search/detail.asp?aID=2&ID=33793 
980 |a Trung tâm Học liệu Trường Đại học Thủ Dầu Một